000 00866nam a22002652 4500
001 0000020278
005 20151217154439.0
008 110908s xx 000 0 eng d
020 _a1416031222 :
040 _aKABU
_cKABU
100 1 _aAbbas, Abul K.
_@0000180311
245 1 0 _aCellullar and molecular immunology /
_cAbul K. Abbas, Andrew H. Litchman, Shiv Pillai.
250 _a6th ed.
260 _aPhiladelphia, PA :
_bSaunders,
_c2007.
300 _avii, 566 p.
650 0 _aMolecular immunology.
_@0000180403
650 0 _aCellular immunity.
_@0000155736
650 0 _aImmunity, Cellular.
_@0000180404
650 0 _aAntigens
_xImmunology.
_@0000180405
700 1 _aLitchman, Andrew H.
_@0000180406
700 1 _aPillai, Shiv.
_@0000180407
852 1 _9p5727 KES
908 _a110908
950 _@1
999 _c11337
_d11337